Restrictive trade practives and public interest (Record no. 1119)

MARC details
000 -LEADER
fixed length control field 00468nam a2200169Ia 4500
020 ## - INTERNATIONAL STANDARD BOOK NUMBER
ISBN 81-7099-172-2
082 ## - DEWEY DECIMAL CLASSIFICATION NUMBER
Classification number 338.6048 SIN-;
100 ## - MAIN ENTRY--AUTHOR NAME
Personal name Singh, R.K.
245 #0 - TITLE STATEMENT
Title Restrictive trade practives and public interest
260 ## - PUBLICATION, DISTRIBUTION, ETC. (IMPRINT)
Place of publication New Delhi
Name of publisher Mittal Publications
Year of publication 1989
300 ## - PHYSICAL DESCRIPTION
Number of Pages 404p.
504 ## - BIBLIOGRAPHY, ETC. NOTE
Bibliography, etc Includes index
650 ## - SUBJECT ADDED ENTRY--TOPICAL TERM
Topical Term Restrictive Practive in Industrial Relations
650 ## - SUBJECT ADDED ENTRY--TOPICAL TERM
Topical Term Trade Regulation
650 ## - SUBJECT ADDED ENTRY--TOPICAL TERM
Topical Term Restraint of Trade - India
942 ## - ADDED ENTRY ELEMENTS (KOHA)
Koha item type Books
Holdings
Withdrawn status Lost status Damaged status Not for loan Home library Current library Date acquired Bill Date Full call number Accession Number Price effective from Koha item type
        NASSDOC Library NASSDOC Library 08/06/2004 2004-10-22 338.6048 SIN-; 29476 18/04/2019 Books